All entries in both royal rumble matchs (2024) - Statistics

General Stats
  • This quiz has been taken 26 times
  • The average score is 50 of 60
Answer Stats
Hints Answer % Correct
20 (M) bron breakker
100%
15 (M) cody rhodes
100%
26 (M) damian priest
100%
9 (M) dominik mysterio
100%
29 (M) drew mcintyre
100%
14 (M) finn balor
100%
18 (M) gunther
100%
1 (M) jey uso
100%
2 (M) jimmy uso
100%
17 (M) kofi kingston
100%
30 (W) liv morgan
100%
25 (M) miz
100%
27 (W) roxanne perez
100%
24 (M) r-truth
100%
30 (M) sami zayn
100%
4 (M) andrade
92%
13 (M) austin theory
92%
3 (W) bayley
92%
21 (W) becky lynch
92%
10 (W) bianca belair
92%
5 (M) carmelo hayes
92%
27 (M) cm punk
92%
3 (M) grayson waller
92%
28 (W) jade cargill
92%
12 (M) ludwig kaiser
92%
19 (W) nia jax
92%
21 (M) omos
92%
22 (M) pat mcafee
92%
7 (M) santos escobar
92%
29 (W) tiffany stratton
92%
7 (W) asuka
83%
11 (M) bobby lashley
83%
16 (M) bronson reed
83%
10 (M) carlito
83%
11 (W) kairi sane
83%
8 (M) karion kross
83%
2 (W) naomi
83%
1 (W) natalya
83%
28 (M) ricochet
83%
24 (W) valhalla
83%
19 (M) ivar
75%
23 (M) jd mcdonagh
75%
5 (W) jordynne grace
75%
9 (W) katana chance
75%
18 (W) maxxine dupri
75%
4 (W) candice lerae
67%
14 (W) chelsea green
67%
6 (W) indi hartwell
67%
13 (W) kayden carter
67%
15 (W) piper niven
67%
6 (M) shinsuke nakamura
67%
20 (W) shotzi
67%
12 (W) tegan nox
67%
16 (W) xia li
67%
17 (W) zelina vega
67%
26 (W) zoey stark
67%
22 (W) alba fyre
58%
8 (W) ivy nile
58%
25 (W) michin mia yim
42%
23 (W) shayna bazler
33%
No matching quizzes found
Score Distribution
Percent of People with Each Score
Percentile by Number Answered
Your Score History
You have not taken this quiz